Visión jurisprudencial de los alimentos (Registro nro. 8848)

Detalles MARC
000 -CABECERA
Longitud fija campo de control 00759cam a2200217 a 4500
001 - NÚMERO DE CONTROL
Número de control 12801467
003 - IDENTIFICADOR DELl NÚMERO DE CONTROL
Identificador del número de control OSt
005 - FECHA Y HORA DE LA ÚLTIMA TRANSACCIÓN
Fecha y hora de la última transacción 20140407153606.0
008 - CÓDIGOS DE INFORMACIÓN DE LONGITUD FIJA
Códigos de información de longitud fija 020604s2000 ag b 001 0 spa d
020 ## - NÚMERO INTERNACIONAL NORMALIZADO PARA LIBROS
Número Internacional Normalizado para Libros (ISBN) 950-727-269-0
040 ## - FUENTE DE LA CATALOGACIÓN
Centro transcriptor BMC
082 ## - NÚMERO DE LA CLASIFICACIÓN DECIMAL DEWEY
Númeroo de clasificación 346.016682
100 1# - PUNTO DE ACCESO PRINCIPAL-NOMBRE DE PERSONA
Nombre de persona Méndez Costa, María Josefa
9 (RLIN) 6832
245 10 - MENCIÓN DE TÍTULO
Título Visión jurisprudencial de los alimentos
Mención de responsabilidad, etc. María Josefa Méndez Costa ; las síntesis jurisprudenciales han sido redactadas por María Magdalena Galli Fiant
260 ## - PUBLICACIÓN, DISTRIBUCIÓN, ETC. (PIE DE IMPRENTA)
Lugar de publicación, distribución, etc. Buenos Aires
Nombre del editor, distribuidor, etc. Rubinzal-Culzoni
Fecha de publicación, distribución, etc. 2000
300 ## - DESCRIPCIÓN FÍSICA
Extensión 384 p.
Dimensiones 22 cm
490 ## - MENCIÓN DE SERIE
Mención de serie Jurisprudencia temática : comentarios críticos
650 24 - PUNTO DE ACCESO ADICIONAL DE MATERIA - TÉRMINO DE MATERIA
Término de materia o nombre geográfico como elemento inicial Pensión alimenticia
Subdivisión geográfica Argentina
9 (RLIN) 16675
700 1# - PUNTO DE ACCESO ADICIONAL - NOMBRE DE PERSONA
9 (RLIN) 16743
Nombre de persona Galli Fiant, María Magdalena‏
942 ## - ENTRADA DE ELEMENTOS AGREGADOS (KOHA)
Fuente de clasificaión o esquema Dewey Decimal Classification
Koha [por defecto] tipo de item 1- Monografias
Existencias
Suprimido Perdido Fuente de clasificación o esquema Estropeado Restricciones de uso No para préstamo Código de colección Localización permanente Localización actual Localización en estanter&íacute;as Fecha adquisición Fuente de adquisición Número de inventario Préstamos totales Signatura completa Código de barras Fecha última consulta Coste, precio reemplazado Fecha del precio de reemplazo Tipo de item de Koha
NULL NULL Dewey Decimal Classification NULL Prestable NULL NULL Biblioteca Miguel de Cervantes - UNICAES Biblioteca Miguel de Cervantes - UNICAES Sala Principal 12/12/2005 Donación - Facultad de Ciencias y Humanidades 014328   346.01 MEN vis 1014328 04/04/2014 25.00 04/04/2014 1- Monografias